| 000 | 00346nam a2200145Ia 4500 | ||
|---|---|---|---|
| 008 | 230917s9999||||xx |||||||||||||| ||und|| | ||
| 040 |
_e50453 _aMAIN |
||
| 041 | _aEnglish | ||
| 082 | _a791.430233 T767I:F | ||
| 100 | _aInsdorf, Annette | ||
| 245 | 0 | _aFrancais truffaut | |
| 260 |
_aLondon _bMacmillan _c1981 |
||
| 300 | _a250 p. | ||
| 942 | _cBK | ||
| 999 |
_c225300 _d225300 |
||